Представление документа в формате MARC21

Поле Инд. ПП Название Значение
Тип записи a
Библиографический уровень b
001 Контрольный номер DU/528814492
005 Дата корректировки 20200526192503.3
008 Кодируемые данные 20161003
040 b Код языка каталог. rus
e Правила каталог. PSBO
041 0_ a Код языка текста rus
084 a Индекс другой классификации/Индекс ББК 65.291.3(2Рос); 65.497.7(2Рос)
100 1_ a Автор Максимова Е. К.
245 10 a Заглавие Особенности маркетинговой деятельности культурно-досуговых центров в областных городах
520 0_ a Аннотация В современных условиях актуальным становится решение проблемы системной организации и популяризации полноценного разностороннего культурного досуга населения в областных городах. Для решения данной задачи предлагается определить основную целевую аудиторию и разработать маркетинговую концепцию, которая, по мнению автора, позволит увеличить такие показатели, как посещаемость, уровень узнаваемости и репутации, и, конечно, позволит максимизировать прибыль
650 14 a Основная рубрика маркетинг
a Основная рубрика экономика
a Основная рубрика экономика предприятия
a Основная рубрика экономика социально-культурной сферы
653 a Ключевые слова досуговые услуги
a Ключевые слова культурно-досуговая деятельность
a Ключевые слова культурно-досуговая сфера
a Ключевые слова маркетинг в непроизводственной сфере
a Ключевые слова маркетинговая деятельность
a Ключевые слова организация досуга
a Ключевые слова регионы России
a Ключевые слова Россия
773 08 t Заглавие источника Маркетинг в России и за рубежом
d Дата издания источника 2016
g Прочая информация № 4. - С. 87 - 91 : рис.
w Контрольный № источника DU/524765833
901 t Тип документа b